[Event "Framingham CC-ch"]
[Site "Framingham"]
[Date "1987.04.21"]
[Round "2"]
[White "Young, Jack"]
[Black "Walker, Patrick J"]
[Result "1-0"]
[WhiteElo "2124"]
[BlackElo "1960"]
[PlyCount "29"]
[EventDate "1987.04.14"]
[EventType "swiss"]
[EventRounds "6"]
[EventCountry "USA"]
[SourceTitle "EXT 2023"]
[Source "ChessBase"]
[SourceDate "2022.10.05"]
[SourceVersion "1"]
[SourceVersionDate "2022.10.05"]
[SourceQuality "1"]

1. e4 d5 2. Nc3 d4 3. Nce2 e5 4. Ng3 Bd6 5. Bc4 Ne7 6. d3 Ng6 7. Nf3 Nd7 8. Ng5 0-0 9. Nxh7 Bb4+ 10. Kf1 Kxh7 11. Qh5+ Kg8 12. Qxg6 Nf6 13. Bh6 Ne8 14. Bxg7 Be6 15. Bxe6 1-0